Desarrollo rural,sanidad de base a traves del uso de recursos locales en cuatro comunidades desplazadas de Colombia (Registro nro. 7749)
[ vista simple ]
| 000 -CABECERA | |
|---|---|
| Campo de control | 00577nam a22001577a 4500 |
| 005 - FECHA Y HORA DE LA ULTIMA TRANSACCION | |
| Campo de control | 20140217155658.0 |
| 008 - ELEMENTOS DE LONGITUD FIJA—INFORMACION GENERAL | |
| Campo de control | 131108b2006 ck ||||| |||| 00| 0 spa d |
| 041 ## - IDIOMA | |
| Código de idioma para texto/pista de sonido o título separado | Español |
| 044 ## - PAÍS DE PUBLICACIÓN | |
| País de publicación | Colombia |
| 090 ## - CLASIFICACIÓN LOCAL | |
| Colección | IAVH |
| Consecutivo | 01445 |
| 245 ## - MENCION DE TITULO | |
| Título | Desarrollo rural,sanidad de base a traves del uso de recursos locales en cuatro comunidades desplazadas de Colombia |
| Parte restante del título | Primer informe tecnico semestral. |
| 260 ## - PUBLICACION, DISTRIBUCION, ETC. (PIE DE IMPRENTA) | |
| Lugar de publicación, distribución, etc. | Cali |
| Nombre del editor, distribuidor, etc. | Fundacofan |
| Fecha de publicación, distribución, etc. | 2006 |
| 300 ## - DESCRIPCION FISICA | |
| Extensión | 19 p. |
| Otros detalles físicos | il |
| 500 ## - NOTA GENERAL | |
| Nota general | Elaboración del primer informe de las actividades realizadas por fundacofan en el valle del cauca. |
| 942 ## - ELEMENTOS ADICIONALES (KOHA) | |
| Sistema de clasificación | Local |
| Tipo de ítem | Impreso |
| Withdrawn status | Lost status | Sistema de Clasificación | Damaged status | No para préstamo | Colección | Inventariado | Ubicación Permanente | Ubicación actual | Fecha de adquisición | Total Checkouts | Número topográfico | Inventario / Código de Barras | Date last seen | Ejemplar | Price effective from | Forma de adquisición | Tipo de material | Public note |
|---|---|---|---|---|---|---|---|---|---|---|---|---|---|---|---|---|---|---|
| Local | Humboldt | Inventariado 2017 | Bogotá | Bogotá | 08/11/2013 | IAVH-01445 | 059222 | 09/08/2024 | Ej. 1 | 08/11/2013 | Informe Técnico | |||||||
| Local | Humboldt | Inventariado 2017 | Bogotá | Bogotá | 05/12/2013 | IAVH-01445 | 059621 | 05/12/2013 | Ej. 2 | 05/12/2013 | Impreso | Informe Técnico |